Wavell, portrait of soldier (Record no. 365359)

000 -LEADER
fixed length control field 00382cam a22001337a 4500
008 - FIXED-LENGTH DATA ELEMENTS--GENERAL INFORMATION
fixed length control field 180718b1961 xxu||||| |||| 00| 0 eng d
082 ## - DEWEY DECIMAL CLASSIFICATION NUMBER
Classification number A99 W36/F381
100 ## - MAIN ENTRY--PERSONAL NAME
Personal name Fergusson, Bernard
245 ## - TITLE STATEMENT
Title Wavell, portrait of soldier
Statement of responsibility, etc. by Bernerd Fergusson
260 ## - PUBLICATION, DISTRIBUTION, ETC.
Place of publication, distribution, etc. London
Name of publisher, distributor, etc. Collins
Date of publication, distribution, etc. 1961
300 ## - PHYSICAL DESCRIPTION
Extent 96p.
500 ## - GENERAL NOTE
General note 12/-
650 ## - SUBJECT ADDED ENTRY--TOPICAL TERM
Topical term or geographic name entry element Wavell, Archibald Percival, Ist Earl 1883-1950
Holdings
Withdrawn status Lost status Damaged status Not for loan Permanent Location Current Location Date acquired Full call number Barcode Date last seen Price effective from Koha item type
        Indian Institute of Public Administration Indian Institute of Public Administration 1994-04-19 A99 W36/F381 27778 2018-07-21 2018-07-21 Book

Powered by Koha